La palabra desnuda / (Record no. 193532)

MARC details
000 -LEADER
campo de control de longitud fija 00859nam a22002537n 4500
001 - NÚMERO DE CONTROL
campo de control 193532
003 - IDENTIFICADOR DE NÚMERO DE CONTROL
campo de control ES-MaACL
005 - FECHA Y HORA DE LA ÚLTIMA TRANSACCIÓN
campo de control 20240906193232.0
007 - CAMPO FIJO DE DESCRIPCIÓN FÍSICA--INFORMACIÓN GENERAL
campo de control de longitud fija ta
008 - DATOS DE LONGITUD FIJA--INFORMACIÓN GENERAL
campo de control de longitud fija 240104s2023 sp ||||| |||| 00| 0 spa d
020 ## - NÚMERO INTERNACIONAL ESTÁNDAR DEL LIBRO
Número Internacional Estándar del Libro 9788412715040
040 ## - FUENTE DE CATALOGACIÓN
Centro/agencia transcriptor ES-MaACL
100 ## - ENTRADA PRINCIPAL--NOMBRE DE PERSONA
Nombre de persona Leon Yodh, Jean Paul
9 (RLIN) 234837
Término indicativo de función/relación Autor
245 13 - MENCIÓN DEL TÍTULO
Título La palabra desnuda /
Mención de responsabilidad, etc. Jean Paul Leon Yodh.
260 ## - PUBLICACIÓN, DISTRIBUCIÓN, ETC.
Lugar de publicación, distribución, etc. Madrid :
Nombre del editor, distribuidor, etc. Albert editor,
Fecha de publicación, distribución, etc. 2023
300 ## - DESCRIPCIÓN FÍSICA
Extensión 301 ;
Dimensiones 21 cm
852 ## - LOCALIZACIÓN
Ubicación ES-MaACL
Sublocalización o colección R.154918
Ubicación en estantería Depósito J
Donativo/Legado Donación: Sara Cantó
Encuadernación Encuadernación rústica con solapas
Número de control de estantería N-9710
itemnumber 201302
Anotaciones manuscritas Dedicatoria autógrafa
942 ## - ELEMENTOS DE ENTRADA SECUNDARIOS (KOHA)
Suprimir en OPAC No
Tipo de ítem Koha Libro impreso
Holdings
Estatus retirado Estado de pérdida Fuente del sistema de clasificación o colocación Estado de daño No para préstamo Colección Biblioteca de origen Biblioteca actual Ubicación en estantería Fecha de adquisición Fuente de adquisición Total de préstamos Signatura topográfica completa Código de barras Visto por última vez Precio de reemplazo Tipo de ítem Koha Nota pública
    Clasificación decimal universal     Libros con dedicatorias Biblioteca del Ateneo de Madrid Biblioteca del Ateneo de Madrid Depósito J 15/12/2023 Donación   N-9710 101206717 12/02/2024 12/02/2024 Libro impreso Dedicatoria autógrafa del autor